Les entreprises exportatrices: une concentration accrue.

Francúzsky vývoz je silne koncentrovaný, čo sa zvyšovalo od r. 1980. Vývozných podnikov je menej, ale vyvážajú viac. Najväčší pokles vývozu vykazujú tie podniky, čo predávajú 20-60 perc. výroby. Malé a špecializované vývozné podniky naproti tomu zlepšili svoje postavenie vo vývoze. Príloha obsahuje...

Descripción completa

Guardado en:
Detalles Bibliográficos
Autor principal: Maliverney, J.
Formato: Capítulo de libro
Lenguaje:francés
Materias:
Etiquetas: Agregar Etiqueta
Sin Etiquetas, Sea el primero en etiquetar este registro!

MARC

LEADER 00000naa a2200000 4500
001 r007900
005 20221125091513.5
041 0 |a fre 
044 |a FR 
245 1 0 |a Les entreprises exportatrices: une concentration accrue.  |c J. Maliverney 
520 |a Francúzsky vývoz je silne koncentrovaný, čo sa zvyšovalo od r. 1980. Vývozných podnikov je menej, ale vyvážajú viac. Najväčší pokles vývozu vykazujú tie podniky, čo predávajú 20-60 perc. výroby. Malé a špecializované vývozné podniky naproti tomu zlepšili svoje postavenie vo vývoze. Príloha obsahuje charakteristiku veľkých kontraktov francúzskych vývozných podnikov. 
610 2 0 |a vývoz 
610 2 0 |a Francúzsko 
610 2 0 |a koncentrácia 
610 2 0 |a podnik obchodný 
610 2 0 |a obchod zahraničný 
100 1 |a Maliverney, J.